[Event "RSFSR-11ch corr8688"]
[Site "USSR"]
[Date "1988.??.??"]
[Round "?"]
[White "Kozlov, Viktor Mikhailovich"]
[Black "Koltsov, Vyacheslav Aleksand"]
[Result "1-0"]
[WhiteElo "2319"]
[BlackElo "2479"]
[PlyCount "85"]
[EventDate "1986.??.??"]
[EventType "tourn (corr)"]
[EventRounds "15"]
[EventCountry "URS"]
[SourceTitle "Corr 2011"]
[Source "ChessBase"]
[SourceDate "2010.08.31"]
[SourceVersion "1"]
[SourceVersionDate "2010.08.31"]
[SourceQuality "1"]

1. e4 e6 2. d4 d5 3. Nd2 c5 4. exd5 exd5 5. Bb5+ Nc6 6. Ne2 Bd6 7. dxc5 Bxc5 8. Nb3 Bd6 9. 0-0 Nge7 10. Bf4 0-0 11. Re1 Bg4 12. Qd2 a6 13. Bxc6 bxc6 14. Bxd6 Qxd6 15. Qf4 Qxf4 16. Nxf4 Rfe8 17. f3 Bd7 18. Nc5 Bf5 19. c3 Ra7 20. Ne2 Bc8 21. Nd4 Kf8 22. b4 Rc7 23. Kf2 Rd8 24. Re5 Rd6 25. Rae1 h6 26. h4 g6 27. g4 Ra7 28. a4 f6 29. R5e2 Kf7 30. b5 cxb5 31. axb5 Rc7 32. Na4 Ng8 33. b6 Rc4 34. Rb2 Bb7 35. Nb3 Rc8 36. Na5 Rd7 37. Ke3 d4+ 38. cxd4 Re8+ 39. Kf2 Rxe1 40. Kxe1 Bxf3 41. Kf2 Bh1 42. Rb4 g5 43. Nc5 1-0